000 00693cam a2200241 i 4500
003 DO-SdBNP
005 20231004132507.0
007 ta
008 751003s2018 xxu 000 f spa d
020 _a9781418597931
040 _aDO-SdBNP
_bspa
_cBNPHU
_erda
082 4 _a746.9
_bG724
_222
100 1 _aGoyso, Jomari
_qSolana
_984358
245 1 3 _aDesnudo /
_cJomari Goyso
264 1 _aTennessee, Estados Unidos :
_bHarper Collins español,
_c2018.
300 _a288 páginas
_c23 cm.
336 _2rdacontent
_atexto
_btxt
337 _2rdamedia
_asin mediación
_bn
338 _2rdacarrier
_avolumen
_bnc
590 _aInventariado, 2023/ YL
910 _aYlockward
942 _2ddc
_cLBS1
999 _c55063
_d55063